cycle de krebs - Statistiques

Statistiques générales
  • Ce quiz a été pris 185 fois
  • Le résultat moyen est 9 sur 24
Statistiques - réponses
Hint Réponse % Correct
produit 1 citrate
93%
produit 2 isocitrate
77%
produit 5 succinate
64%
Enzyme 2 aconitase
61%
Enzyme 1 citrate synthase
59%
produit 6 fumarate
59%
produit 7 malate
59%
produit 8 oxaloacétate
59%
produit 4 succinyl-COA
57%
produit3 alpha-cétoglutarate
42%
Enzyme 7 fumarase
39%
Enzyme 3 isocitrate-deshydrogenase
38%
Enzyme 8 malate deshydrogénase
34%
Enzyme 6 succinate déshydrogénase
32%
Enzyme 4 alpha-cétoglutarate deshydrogénase
26%
Enzyme 5 succinyl-COA synthétase
23%
Etape 6 déshydrogénation
11%
Etape 8 déshydrogénation
11%
Etape 7 hydratation
11%
Etape 1 synthese citrate
11%
Etape 2 isomérisation citrate
7%
Etape 3 décarboxylation et deshydrogénation
3%
Etape4 decarboxylation et déshydrogénation
3%
Etape 5 liaison phosphate
3%
Aucun quiz correspondant
Distribution des résultats
% des personnes avec chaque résultat
Percentile par nombre de réponses
Votre historique - résultats
Vous n’avez pas pris ce quiz